000 00310nam a22001337a 4500
008 170926b xxu||||| |||| 00| 0 eng d
020 _a9780312550356
041 _aeng
080 _24TH
_a37
100 _a46
101 _aEDU
245 _aSPEAKER'S GUIDEBOOK TEXT AND REFERENCE
_cO'HAIR,D
942 _2udc
_cBK
999 _c29931
_d29931